000 00575nam a2200121Ia 4500
008 220620s9999||||xx |||||||||||||| ||und||
100 _aHudson, Martyn
245 0 _aCentaurs, Rioting in Thessaly: Memory and the Classical World
546 _aEnglish[eng]
650 _aclassical literature||ancient history||monsters||mythology||centaurs
856 _uhttps://library.oapen.org/bitstream/20.500.12657/25437/1/1004658.pdf||https://library.oapen.org/bitstream/20.500.12657/25437/1/1004658.pdf||https://library.oapen.org/bitstream/20.500.12657/25437/1/1004658.pdf
942 _cEB
999 _c30364
_d30364